|
|
|
|
| LEADER |
00000nab a2200000uu 4500 |
| 001 |
vtls011136836 |
| 003 |
SK-MaSNL |
| 005 |
20260303130809.0 |
| 008 |
230218|1995 xo |||||||||||||||||cze| |
| 015 |
|
|
|a SNBRB
|
| 035 |
|
|
|a (urnnbn)urn:nbn:sk:snk:ar-008sbt
|
| 035 |
|
|
|a (uuid)27315bfc-ca66-4f27-ab05-c6c47df1e69d
|
| 035 |
|
|
|a urn:nbn:sk:snk-abaplh
|
| 040 |
|
|
|a SNKBUCL
|b slo
|c SNKBUCL
|e AACR2
|
| 041 |
0 |
|
|a cze
|
| 044 |
|
|
|a xo
|c SK
|
| 100 |
1 |
|
|a Jirka, J.
|4 aut
|9 426911
|
| 245 |
1 |
0 |
|a Patologie transplantované ledviny: základní pojmy a bioptická klasifikace
|c J. Jirka, M. Chadimová, P. Rossmann
|
| 700 |
1 |
|
|a Chadimová, M.
|4 aut
|9 1146754
|
| 700 |
1 |
|
|a Rossmann, P.
|4 aut
|9 1146755
|
| 773 |
0 |
|
|t Česko-slovenská patologie a Soudní lékařství : časopis Společnosti patologů a společnosti soudního lékařství
|g Roč. 31/40, č. 2 (1995), s. 47-52
|
| 954 |
|
|
|a odborná, vedecká literatúra cudzojazyčná (svetová)
|2 lita
|
| 958 |
|
|
|a OND
|
| 958 |
|
|
|a EUIPO
|
| 958 |
|
|
|a article14
|
| 999 |
|
|
|c 1942016
|d 1943946
|